000 01166nam a22003497a 4500
003 CHAP
005 20220329140837.0
008 971013s1995 r 00010 d
010 _a58498
011 _a59470
035 _a63628
040 _cCHAP
090 _aTesis
100 0 0 _aOlvera Islas, María Soledad.
_983239
245 _aProducción y calidad de forraje de cubata (Acacia cymbispina) a dos alturas de poda
260 _aChapingo, Méx. :
_bEl autor,
_c1995
300 _a82 h.
502 _aTesis (Ing. Agr. Esp. en Zootecnia) -- UACH. Departamento de Zootecnia
590 _aALEPH
_b10
_c20130110
_lUCH01
_h1336
590 _aBATCH-UPD
_b10
_c20130110
_lUCH01
_h0401
590 _aBATCH-UPD
_b10
_c20130410
_lUCH01
_h0034
590 _aBATCH-UPD
_b10
_c20130913
_lUCH01
_h1844
590 _aCONVERSION
_b10
_c20130109
_lUCH01
_h1331
650 1 4 _aAcacia cymbispina.
_9353
650 1 4 _aForrajes
_xRendimiento.
_942593
650 1 4 _aPoda.
_989467
700 0 _aPérez Hernández, Rudy E.
_989748
901 _aBK
942 _cFOLL
949 _bBC
_cTES
_d-136802
_eTS1
_h28503
_i63628
_si
949 _bBC
_cTES
_d33724000079158
_eTS2
_fc.2
_h28504
_i63628
_si
999 _c58498
_d58498